000 01082nas a2200337 4500
001 BR7904596
003 BR-BrBNA
005 20231205083833.0
007 ta
008 230509b bl.|||p| |||| 00| 00por d
040 _aBR-BrBNA
_bpor
_cBiblioteca Nacional de Agricultura
041 _a(Pt)
072 _aP20; F00
100 1 _aAlvim, P. de T.
245 1 _aUm bom equilibrio entre utilizacao e conservacao [Recurso da terra; Floresta; Producao vegetal; Amazonia; Brasil]
246 1 _a[A good equilibrium between use and conservation [Land resource; Forest; Plant production; The Amazonic area; Brazil]]
650 _aRecurso da terra
650 _aProducao vegetal
650 _aFloresta
650 _aConservacao
650 _aAmazonia
650 _aCacau
650 _aArroz
650 _aDende
650 _aCastanha do Para
650 _aBorracha
650 _aPastagem
773 0 _tAgricultura. A Forca Verde (Brazil)
_xISSN 0100-5650
_g(Jun 1979), v. 2(19) p. 20-26
_wBR7904596
909 _a202311
_bLúcia
_c55
_dLúcia Elande
942 _2AGRIS
_n0
_cANA
999 _c101497
_d101497